El güegüense : coloquio debate, memoria /
Sparad:
| Huvudupphovsmän: | , , , |
|---|---|
| Materialtyp: | Okänd |
| Språk: | Spanish |
| Publicerad: |
Managua, Nicaragua :
Instituto Nicaragüense de Cultura,
2008.
|
| Serie: | (Colección cultural El Güegüence ;
3) |
| Ämnen: | |
| Taggar: |
Lägg till en tagg
Inga taggar, Lägg till första taggen!
|
MARC
| LEADER | 000000000a22000000004500 | ||
|---|---|---|---|
| 001 | 001906 | ||
| 020 | |a 9789992430293 | ||
| 041 | 0 | |a spa | |
| 082 | 0 | 4 | |a N860.8 |b G924g |
| 100 | 1 | |a Arellano, Jorge Eduardo | |
| 100 | 1 | |a MANTICA, Carlos | |
| 100 | 1 | |a Plaza, José Manuel | |
| 100 | 1 | |a Prego, José Daniel | |
| 245 | 1 | 3 | |a El güegüense : |b coloquio debate, memoria / |c Jorge Eduardo Arellano, Carlos MANTICA, José Manuel Plaza, José Daniel Prego. |
| 260 | 1 | |a Managua, Nicaragua : |b Instituto Nicaragüense de Cultura, |c 2008. | |
| 300 | |a 120 páginas: |b ilustraciones (algunas a color) | ||
| 490 | 1 | |a (Colección cultural El Güegüence ; |v 3) | |
| 500 | |a En la cubierta: "Memoria, El Güegüense: Coloquio-Debate" | ||
| 505 | |a Contenido: El Güegüense: triungo de la cultura sobre el poder / Jorge Eduardo Arellano -- Un autoretrato del Güegüense. Qué nos dice la obra acerca de sus personajes / Carlos MANTICA -- El Güegüense descubre sus tesoros / José Manuel Plaza -- Don Quijote y el Güegüense: un paralelo posible / Jorge Eduardo Arellano -- Acta, confirmación y ciudadanía de El Güegüense /José Daniel Prego | ||
| 650 | 4 | |a LITERATURA NICARAGUENSE & GUEGUENSE | |
| 999 | |c 8552 |d 8552 | ||
| 942 | |c BK |h N860.8 G924g |2 z | ||



